000 00442nam a22001457a 4500
005 20240724124233.0
008 240724b |||||||| |||| 00| 0 eng d
020 _a978-9966-64-410-7
100 _aKING'OO, LEONARD
245 _aLONGHORN MATHEMATICS; GRADE 8 TEACHER'S GUIDE
260 _aNAIROBI
_bLONGHORN PUBLISHERS PLC
_c2023
300 _aXXVIII, 256P.
650 _aMATHEMATICS-STUDY AND TEACHING-JUNIOR SECONDARY
942 _2lcc
_cBK
999 _c210918
_d210918